Statistics for NFL Interception Leaders by Season Since 1990

Click here to take the quiz!

General Stats

  • This quiz has been taken 18 times
  • The average score is 18 of 60

Answer Stats

Year#Player% Correct
2022PITMinkah Fitzpatrick
100%
2019NWEStephon Gilmore
77%
2019BUFTre'Davius White
77%
2021DALTrevon Diggs
77%
2020MIAXavien Howard
77%
2018MIAXavien Howard
77%
2013SEARichard Sherman
69%
2022PHICj Gardner-Johnson
62%
2004BALEd Reed
62%
2008BALEd Reed
62%
2010BALEd Reed
62%
2022DENJustin Simmons
62%
2017DETDarius Slay
54%
1992BUFHenry Jones
54%
2022SEATariq Woolen
54%
2006DENChamp Bailey
46%
2011GNBCharles Woodson
46%
2009GNBCharles Woodson
46%
2015KANMarcus Peters
46%
1999BALRod Woodson
46%
2002OAKRod Woodson
46%
2018CHIKyle Fuller
38%
2005NYJTy Law
38%
1998NWETy Law
38%
2009PHIAsante Samuel
31%
2006NWEAsante Samuel
31%
2017TENKevin Byard
31%
2001TAMRonde Barber
31%
2019MINAnthony Harris
23%
2016SDGCasey Hayward
23%
1994ARIAeneas Williams
15%
2007SDGAntonio Cromartie
15%
1995MINOrlando Thomas
15%
2001CLEAnthony Henry
8%
1992MINAudray McMillian
8%
2002TAMBrian Kelly
8%
2003MINBrian Russell
8%
2018ATLDamontae Kazee
8%
2009NORDarren Sharper
8%
2000GNBDarren Sharper
8%
2005CINDeltha Oneal
8%
1999TAMDonnie Abraham
8%
1994CLEEric Turner
8%
2011SDGEric Weddle
8%
1993SEAEugene Robinson
8%
2014DETGlover Quin
8%
2009BUFJairus Byrd
8%
1999KANJames Hasty
8%
1996STLKeith Lyle
8%
2011NWEKyle Arrington
8%
1990CHIMark Carrier
8%
1993BUFNate Odomes
8%
2015CINReggie Nelson
8%
1991OAKRonnie Lott
8%
1997STLRyan McNeil
8%
1999MIASam Madison
8%
2012CHITim Jennings
8%
2003SFOTony Parrish
8%
1999PHITroy Vincent
8%
1996DENTyrone Braxton
8%

Score Distribution

Percentile by Number Answered

Percent of People with Each Score

Your Score History

You have not taken this quiz